|
|
|
|
| LEADER |
00000nab a2200000ua 4500 |
| 001 |
vtls010831156 |
| 003 |
SK-MaSNL |
| 005 |
20260304012717.0 |
| 008 |
230222s1998 xo |||||||||||||||||slo| |
| 035 |
|
|
|a (urnnbn)urn:nbn:sk:snk:ar-a06ig2
|
| 035 |
|
|
|a urn:nbn:sk:snk-ab5w3x
|
| 035 |
|
|
|a (uuid)e0054ae7-1f33-47fe-a4a1-356f0d5d8649
|
| 040 |
|
|
|a SNKBUCL
|b slo
|c SNKBUCL
|e AACR2
|
| 041 |
0 |
|
|a slo
|
| 044 |
|
|
|a xo
|c SK
|
| 100 |
1 |
|
|a Hrubý, Dušan,
|d 1958-
|4 aut
|9 250153
|
| 245 |
1 |
0 |
|a VYUŽITIE ULTRAZVUKU PRI MERANÍ INFILTRÁCIE PÔDY
|c Dušan Hrubý, Ján Minárik
|
| 246 |
3 |
|
|a EXPLOITATION OF ULTRASOUND IN THE SOIL INFILTRATION MEASUREMENT
|
| 700 |
1 |
|
|a Minárik, Ján,
|d 1944-
|4 aut
|9 5564
|
| 773 |
0 |
|
|t Acta technologica agriculturae : vedecký časopis pre mechanizáciu poľnohospodárstva
|g Roč. 1, č. 2 (1998), s. 44-46
|
| 954 |
|
|
|a odborná, vedecká literatúra pôvodná (slovenská)
|2 lita
|
| 958 |
|
|
|a OND
|
| 958 |
|
|
|a EUIPO
|
| 958 |
|
|
|a article5
|
| 999 |
|
|
|c 2572913
|d 2574843
|